| 000 | 00877nam a22002655a 4500 | ||
|---|---|---|---|
| 005 | 20160605121933.0 | ||
| 008 | 160605s2010 ii a fr 001 0 eng d | ||
| 020 | _a9788180141430 | ||
| 040 |
_aEG-ScBUE _beng _cEG-ScBUE |
||
| 082 | 0 | 4 |
_a388.11 _bMAI _222 |
| 100 | 1 |
_aMaitri, Vinay. _940123 |
|
| 245 | 1 | 0 |
_aTheory and applications of economics in highway and transport planning / _cVinay Maitri, P. K. Sarkar. |
| 250 | _a1st ed. | ||
| 260 |
_aDelhi : _bStandard Publishers Distributors, _c2010. |
||
| 300 |
_a404 p. : _bill. ; _c24 cm. |
||
| 500 | _aIndex : p. 403-404. | ||
| 650 | 0 |
_aRoads _xEconomic aspects. _2BUEsh |
|
| 650 | 0 |
_aTraffic engineering. _2BUEsh |
|
| 650 | 0 |
_aTransportation. _2BUEsh |
|
| 650 | 0 |
_aTransportation _xEnvironmental aspects. _2BUEsh |
|
| 651 | _2BUEsh | ||
| 653 |
_bBUSADM _bENGGEN _cJune2016 |
||
| 700 | 1 |
_aSarkar, P. K. _940124 |
|
| 942 | _2ddc | ||
| 999 |
_c21847 _d21819 |
||